[Event "HUN-chT2 Breyer 1516"]
[Site "Hungary"]
[Date "2015.11.08"]
[Round "4.11"]
[White "Balogh, Szabolcs"]
[Black "Palinkas, Tamas"]
[Result "1-0"]
[WhiteElo "1756"]
[BlackElo "1728"]
[PlyCount "49"]
[EventDate "2015.09.13"]
[EventType "team-tourn"]
[EventRounds "11"]
[EventCountry "HUN"]
[SourceTitle "CBM 170 Extra"]
[Source "ChessBase"]
[SourceDate "2016.02.25"]
[SourceVersion "1"]
[SourceVersionDate "2016.02.25"]
[SourceQuality "1"]
[WhiteTeam "Gyor UDSE"]
[BlackTeam "TTC Sakk"]
[WhiteTeamCountry "HUN"]
[BlackTeamCountry "HUN"]

1. e4 c5 2. d4 cxd4 3. c3 dxc3 4. Nxc3 Nc6 5. Nf3 d6 6. Bc4 Bg4 7. Qb3 e6 8. Qxb7 Rc8 9. Bb5 Qc7 10. Qxc7 Rxc7 11. Nd4 Nge7 12. f3 Bh5 13. Nd5 exd5 14. exd5 Nxd5 15. Bxc6+ Rxc6 16. Nxc6 Kd7 17. Nd4 Be7 18. Bd2 Bf6 19. Ne2 Re8 20. Kf2 Bg6 21. Bc3 Bd3 22. Rhe1 Bd8 23. Bd4 Ba5 24. Nc3 Rb8 25. Nxd5 1-0

[Event "HUN-chT2 Breyer 1516"]
[Site "Hungary"]
[Date "2015.10.18"]
[Round "3.10"]
[White "Grinacz, Aba Samuel"]
[Black "Palinkas, Tamas"]
[Result "0-1"]
[WhiteElo "1468"]
[BlackElo "1728"]
[PlyCount "108"]
[EventDate "2015.09.13"]
[EventType "team-tourn"]
[EventRounds "11"]
[EventCountry "HUN"]
[SourceTitle "CBM 170 Extra"]
[Source "ChessBase"]
[SourceDate "2016.02.25"]
[SourceVersion "1"]
[SourceVersionDate "2016.02.25"]
[SourceQuality "1"]
[WhiteTeam "Nyergesujfalu"]
[BlackTeam "TTC Sakk"]
[WhiteTeamCountry "HUN"]
[BlackTeamCountry "HUN"]

1. e4 c5 2. Nf3 Nc6 3. d4 cxd4 4. Nxd4 e6 5. Nxc6 bxc6 6. Bd3 Be7 7. b3 Bf6 8. c3 d5 9. exd5 cxd5 10. Bb2 Ne7 11. 0-0 0-0 12. Nd2 Bb7 13. Nf3 Ng6 14. Ba3 Be7 15. Bxe7 Qxe7 16. Bxg6 hxg6 17. Qd4 f6 18. Nh4 Qf7 19. Qd3 g5 20. Nf3 e5 21. Qc2 g4 22. Nd2 f5 23. f3 Qh5 24. fxg4 Qxg4 25. Nf3 Rae8 26. Rae1 e4 27. Nd4 f4 28. Rf2 Rf6 29. Qe2 Qxe2 30. Rexe2 Ref8 31. b4 g5 32. a4 g4 33. b5 f3 34. gxf3 gxf3 35. Re1 Rc8 36. Re3 Rc7 37. Kf1 Rh7 38. Ke1 Rfh6 39. Nxf3 Rh3 40. Rg2+ Kf8 41. Rg3 Rxg3 42. hxg3 exf3 43. Rxf3+ Ke7 44. Re3+ Kd6 45. Kd2 Kc5 46. Re2 Kc4 47. Kc2 Rf7 48. g4 Bc8 49. g5 Bf5+ 50. Kb2 Bd3 51. Rh2 Rf1 52. Rh4+ Be4 53. g6 Rf2+ 54. Ka1 Kb3 0-1

[Event "HUN-chT2 Breyer 1112"]
[Site "Hungary"]
[Date "2012.05.06"]
[Round "10.12"]
[White "Csordas, David"]
[Black "Palinkas, Tamas"]
[Result "1-0"]
[WhiteElo "1668"]
[BlackElo "1715"]
[PlyCount "62"]
[EventDate "2011.09.25"]
[EventType "team-tourn"]
[EventRounds "11"]
[EventCountry "HUN"]
[SourceTitle "EXT 2013"]
[Source "ChessBase"]
[SourceDate "2012.11.22"]
[SourceVersion "1"]
[SourceVersionDate "2012.11.22"]
[SourceQuality "1"]
[WhiteTeam "MAV Elore"]
[BlackTeam "Torokbalint"]
[WhiteTeamCountry "HUN"]
[BlackTeamCountry "HUN"]

1. e4 c5 2. Nf3 e6 3. d4 cxd4 4. Nxd4 Nc6 5. Nc3 a6 6. a3 d6 7. Be3 Be7 8. Be2 Nf6 9. 0-0 0-0 10. Qd2 Nxd4 11. Bxd4 e5 12. Be3 Ng4 13. Bxg4 Bxg4 14. Nd5 Be6 15. Nxe7+ Qxe7 16. Rad1 Rfd8 17. Qa5 Rac8 18. Rd2 h6 19. Rfd1 g5 20. b3 f5 21. exf5 Bxf5 22. c4 Be4 23. c5 Qc7 24. Qxc7 Rxc7 25. Rxd6 Rf8 26. h4 Bf5 27. Rxh6 Rcf7 28. Bxg5 Kg7 29. Rhd6 Bg4 30. f3 Bh5 31. Bh6+ Kh7 1-0